Santa Elena, pequeña isla

Guardat en:
Dades bibliogràfiques
Autor principal: Aldánov, Marc (Autor)
Format: Llibre
Idioma:espanyol
Publicat: Buenos Aires Losada 1950
Col·lecció:<Las >Grandes Novelas de Nuestra Epoca
Matèries:
Etiquetes: Afegir etiqueta
Sense etiquetes, Sigues el primer a etiquetar aquest registre!

MARC

LEADER 00000nam a2200000 a 4500
001 UCU4500
003 CL-VaPUC
008 960524e19500000AG |||||||||||||||||spa|d
082 0 4 |a 891.703  |b ALD  |2 21 
100 0 |a Aldánov, Marc  |e author  |9 362085 
245 1 0 |a Santa Elena, pequeña isla 
246 1 3 |a La décima sinfonía 
300 |a 230 p 
942 |c BK 
945 |d 19960524 00:00:00  |a rleighto 
260 |a Buenos Aires  |b Losada  |c 1950 
650 0 |a Novelas rusas   |9 316330 
583 |a last modification  |c 19960524 00:00:00  |k Rodrigo Vera 
490 0 |a <Las >Grandes Novelas de Nuestra Epoca 
999 |c 248193  |d 248191 
952 |0 0  |1 0  |4 0  |6 891_703000000000000_ALD_1950  |7 0  |8 A  |9 264649  |a BIBEDU  |b BIBEDU  |d 2019-11-19  |i 3203123  |o 891.703 ALD 1950  |p 3203123  |r 2019-11-19  |w 2019-11-19  |y BK  |k LIT